| 000 | 01029nam a22002777a 4500 | ||
|---|---|---|---|
| 003 | UPN | ||
| 005 | 20221018091228.0 | ||
| 008 | 220928s2018 mx ||||| |||| 00| 0 spa d | ||
| 020 | _a9786075242378 | ||
| 040 |
_aMX-MxUPN _bspa _cMX-MxUPN |
||
| 050 |
_aHV5313 _bQ56 2018 |
||
| 100 | 1 |
_aQuintero Soto, María Luisa _937567 |
|
| 100 | 1 |
_aVelázquez Rodríguez, Elisa B. _q(Elisa Bertha) _938383 |
|
| 100 | 1 |
_aPadilla Loredo, Silvia _946839 |
|
| 245 | _aAdicciones y género en la sociedad moderna | ||
| 250 | _aPrimera edición | ||
| 260 |
_aEstado de México : _bUniversidad Autónoma del Estado de México |
||
| 260 |
_aCiudad de México : _bMiguel Ángel Porrúa, Librero-Editor, _c©2018. |
||
| 300 | _a98 páginas | ||
| 490 | _aEstudios de género | ||
| 650 | 0 |
_aAlcoholismo _xFactores sexuales _zMéxico _946854 |
|
| 650 | 0 |
_aAdicción a la nicotina _xFactores sexuales _zMéxico _946856 |
|
| 650 | 0 |
_aAbuso de la marihuana _xFactores sexuales _zMéxico _946857 |
|
| 902 | _aNoemiAcosta/280922 | ||
| 942 |
_2lcc _cLIBRO |
||
| 999 |
_c208893 _d208893 |
||